5HLuxD.jpg

KING HENRY VIII SENIOR AND PRIMARY SCHOOL LIBRARY OPAC

Oceans / (Record no. 1431)

000 -LEADER
fixed length control field 01476cam a2200361 i 4500
001 - CONTROL NUMBER
control field 18925677
003 - CONTROL NUMBER IDENTIFIER
control field OSt
005 - DATE AND TIME OF LATEST TRANSACTION
control field 20221229134120.0
008 - FIXED-LENGTH DATA ELEMENTS--GENERAL INFORMATION
fixed length control field 160105s2017 mnua b 001 0 eng
010 ## - LIBRARY OF CONGRESS CONTROL NUMBER
LC control number 2015041990
020 ## - INTERNATIONAL STANDARD BOOK NUMBER
International Standard Book Number 9781628323399
040 ## - CATALOGING SOURCE
Original cataloging agency DLC
Language of cataloging eng
Transcribing agency DLC
Description conventions rda
Modifying agency DLC
042 ## - AUTHENTICATION CODE
Authentication code pcc
082 00 - DEWEY DECIMAL CLASSIFICATION NUMBER
Classification number 551.46 RIG
Edition number 23
100 1# - MAIN ENTRY--PERSONAL NAME
Personal name Riggs, Kate,
Relator term author.
245 10 - TITLE STATEMENT
Title Oceans /
Statement of responsibility, etc. Kate Riggs.
264 #1 - PRODUCTION, PUBLICATION, DISTRIBUTION, MANUFACTURE, AND COPYRIGHT NOTICE
Place of production, publication, distribution, manufacture Mankato, Minnesota :
Name of producer, publisher, distributor, manufacturer Creative Education/Creative Paperbacks,
Date of production, publication, distribution, manufacture, or copyright notice [2017]
300 ## - PHYSICAL DESCRIPTION
Extent 24 pages :
Other physical details color illustration ;
Dimensions 23 cm.
336 ## - CONTENT TYPE
Content type term text
Content type code txt
Source rdacontent
337 ## - MEDIA TYPE
Media type term unmediated
Media type code n
Source rdamedia
338 ## - CARRIER TYPE
Carrier type term volume
Carrier type code nc
Source rdacarrier
490 0# - SERIES STATEMENT
Series statement Seedlings
500 ## - GENERAL NOTE
General note Includes index.
504 ## - BIBLIOGRAPHY, ETC. NOTE
Bibliography, etc. note Includes bibliographical references (page 23) and index.
505 0# - FORMATTED CONTENTS NOTE
Formatted contents note Hello, ocean! -- Salty earth -- Water on the move -- Ocean plants -- Big fish -- Deepest point -- Ocean in action -- Goodbye, ocean! -- Picture an ocean.
520 ## - SUMMARY, ETC.
Summary, etc. "A kindergarten-level introduction to oceans, covering their climate, plant and animal life, and such defining features as their salty water"--
Assigning source Provided by publisher.
650 #0 - SUBJECT ADDED ENTRY--TOPICAL TERM
Topical term or geographic name entry element Oceanography
Form subdivision Juvenile literature.
650 #0 - SUBJECT ADDED ENTRY--TOPICAL TERM
Topical term or geographic name entry element Ocean
Form subdivision Juvenile literature.
650 #0 - SUBJECT ADDED ENTRY--TOPICAL TERM
Topical term or geographic name entry element Marine ecology
Form subdivision Juvenile literature.
906 ## - LOCAL DATA ELEMENT F, LDF (RLIN)
a 7
b cbc
c orignew
d 1
e ecip
f 20
g y-gencatlg
942 ## - ADDED ENTRY ELEMENTS (KOHA)
Source of classification or shelving scheme
Koha item type Books - Non Ficton
Holdings
Withdrawn status Lost status Source of classification or shelving scheme Damaged status Not for loan Collection code Permanent Location Current Location Shelving location Date acquired Total Checkouts Full call number Barcode Date last seen Date last checked out Price effective from Koha item type
          Non-Fiction KH8 Primary School Library KH8 Primary School Library Non Fiction 2022-12-29 22 551.46 RIG KHPL000003210 2025-12-05 2025-11-20 2022-12-29 Books - Non Ficton

Powered By KH8 IT Dept